| 000 | 00668nam a2200193 a 4500 | ||
|---|---|---|---|
| 005 | 20231116063538.0 | ||
| 008 | 030618s1975 mx r 000 0 spa d | ||
| 035 | _aUPN01000126026 | ||
| 049 | _aSEP | ||
| 050 | 4 |
_aGV227 A1 _bB3.3a |
|
| 100 | 1 |
_aBarreto Amaro, Cipriano, _d1932- _936150 |
|
| 245 | 1 | 4 |
_aLas funciones de la educación física, deporte y recreación en el desarrollo social / _cCipriano Barreto Amaro. |
| 260 |
_aMéxico : _bSEP, Dirección General de Educación Física, Subdirección Técnica, _c1975. |
||
| 300 | _a7 p. | ||
| 650 | 4 |
_aEDUCACION FISICA - _zMEXICO _915595 |
|
| 650 | 2 |
_aDeportes _912162 |
|
| 650 | 4 |
_aRecreación _94889 |
|
| 905 | _aLibro | ||
| 999 |
_c98205 _d98205 |
||